Menswear From the Sears Catalog Quiz Stats

 Plays Quiz Updated Apr 27, 2019

Score 0/10 Timer 03:00
0 Plays Today
% Correct
1990s
95.1%
1970s
92.9%
1950s
88.2%
1910s
88%
1980s
74.9%
1930s
70.3%
1920s
67.5%
1960s
66.9%
1900s
44.6%
1940s
36.7%

You're not logged in!

Compare scores with friends on all Sporcle quizzes.
OR
Log In

Sporcle TV

Today on Sporcle TV


Watch our educational content, quiz creation guides, and fun videos on Sporcle TV.

Show Comments

Extras

Top Quizzes Today


Score Distribution

Your Account Isn't Verified!

In order to create a playlist on Sporcle, you need to verify the email address you used during registration. Go to your Sporcle Settings to finish the process.

Report this User

Report this user for behavior that violates our Community Guidelines.

Details: